Central Library OPAC University of Rajshahi
Normal view MARC view

Entry Personal Name

Number of records used in: 2

001 - CONTROL NUMBER

  • control field: 5402

003 - CONTROL NUMBER IDENTIFIER

  • control field: BD-RjUL

005 - DATE AND TIME OF LATEST TRANSACTION

  • control field: 20221023104630.0

008 - FIXED-LENGTH DATA ELEMENTS

  • fixed length control field: 221023|| aca||aabn | a|a d

040 ## - CATALOGING SOURCE

  • Original cataloging agency: BD-RjUL
  • Transcribing agency: BD-RjUL

100 ## - HEADING--PERSONAL NAME

  • Personal name: Moore, Aubrey L.
  • Fuller form of name: (Aubrey Lackington),
  • Dates associated with a name: 1848-1890

670 ## - SOURCE DATA FOUND

  • Source citation: Work cat.: (BD-RjUL)80588: Moore, Aubrey L. (Aubrey Lackington), 1848-1890., Essays scientific and philosophical /, 1890.